Statistics for World History Quiz #1

Click here to take the quiz!

General Stats

  • This quiz has been taken 1,914 times
    (1,335 since last reset)
  • The average score is 11 of 20

Answer Stats

History QuestionAnswer% Correct
Where Was Hitler Born(Country)Austria
92%
What Was The Deadliest WarWorld War Two
86%
USSR CapitalMoscow
85%
USA Stands ForUnited States Of America
80%
Empire That Ruled More Then Half Of Europe And North AfricaRoman Empire
75%
What Does KKK Stand ForKU KLUX KLAN
69%
Biggest Empire EverBritish Empire
68%
Big Empire That Ruled The Balkans-Big Part Of Africa-Part Of AsiaOttoman Empire
62%
Union Between Czech Republic And SlovakiaCzechoslovakia
60%
What Year Was There The Christmas Truce1914
59%
TSAR OF RUSSIA IN WW1TSAR Nicholas The 2nd
58%
Name Of USA States Who Wanted SlavesConfederates States
58%
Union Between Serbia-Bosnia-Croatia-Macedonia-Slovenia-MontenegroYugoslavia
57%
Norway-Sweden-Denmark-Finland-Iceland Are In What RegionScandinavia
53%
Wars Between Rome And CarthagePunic Wars
48%
Name Of War Between Canada And USAWar Of 1812
32%
USSR Stands ForUnion Of Soviet Socialist Republics
30%
What Territory France Lost In The Franco-Prussian WarAlsace-Lorraine
30%
Original Name Of USA When It Was Part Of British Empire13 Colonies
22%
War With 40,000,000 to 70,000,000 DeathsMongol Conquests
3%

Score Distribution

Percentile by Number Answered

Percent of People with Each Score

Your Score History

You have not taken this quiz since the last reset